Playing the game : (Record no. 130774)
[ view plain ]
| 000 -LEADER | |
|---|---|
| fixed length control field | 00735cam0a220021700 4500 |
| 001 - CONTROL NUMBER | |
| control field | tmp15935820 |
| 003 - CONTROL NUMBER IDENTIFIER | |
| control field | UPRA |
| 005 - DATE AND TIME OF LATEST TRANSACTION | |
| control field | 20190822104607.0 |
| 008 - FIXED-LENGTH DATA ELEMENTS--GENERAL INFORMATION | |
| fixed length control field | 951114s1977 ru eng u |
| 035 ## - SYSTEM CONTROL NUMBER | |
| System control number | (Sirsi) r50270 |
| 035 ## - SYSTEM CONTROL NUMBER | |
| System control number | (UPRA)tmp15935820 |
| 040 ## - CATALOGING SOURCE | |
| Transcribing agency | UPRA |
| 100 1# - MAIN ENTRY--PERSONAL NAME | |
| Personal name | Strflkova, Irina. |
| Linkage | A8274.1 |
| 245 10 - TITLE STATEMENT | |
| Title | Playing the game : |
| Remainder of title | a short novel. |
| 260 ## - PUBLICATION, DISTRIBUTION, ETC. | |
| Place of publication, distribution, etc. | Moscow : |
| Name of publisher, distributor, etc. | Radiga Pub., |
| Date of publication, distribution, etc. | 1977. |
| 949 ## - LOCAL PROCESSING INFORMATION (OCLC) | |
| a | PG3488.T7 |
| w | lcc |
| i | -63278 |
| m | MAIN |
| t | BOOK |
| l | ON-SHELF |
| 949 ## - LOCAL PROCESSING INFORMATION (OCLC) | |
| a | PG3488.T7 |
| w | lcc |
| i | 33729005173146 |
| m | MAIN |
| t | BOOK |
| l | ON-SHELF |
| 987 ## - LOCAL ROMANIZATION/CONVERSION HISTORY (OCLC) | |
| Romanization/conversion identifier | Author : unreadable? |
| Agency that converted, created or reviewed | is Strflkova the correct last name? |
| 987 ## - LOCAL ROMANIZATION/CONVERSION HISTORY (OCLC) | |
| Romanization/conversion identifier | Holdings : use? |
| Agency that converted, created or reviewed | Two cards had same accession number. How many copies does library have? |
No items available.